| 000 | 01078nam a22002655a 4500 | ||
|---|---|---|---|
| 003 | OSt | ||
| 005 | 20161102134032.0 | ||
| 008 | 161102s2015 ua frb 000 0 ara d | ||
| 015 | _a2015/1695 | ||
| 020 | _a9789779025476 | ||
| 040 |
_aEG-ScBUE _bara _cEG-ScBUE |
||
| 043 |
_af-ua--- _af-ly--- _ae-fr--- |
||
| 082 | 0 | 4 |
_a345.025 _bع ط ي _222 |
| 100 | 1 | _aعطية، حمدي رجب. | |
| 245 | 1 | 2 |
_aالجنحة المباشرة ضد الموظف العام / _cحمدي رجب عطية. |
| 260 |
_a[د. م. : _bد. ن.، _c2015] _e(القاهرة : _fهاي كواليتيللدعاية والإعلان) |
||
| 300 |
_a175 ص. ؛ _c24 سم. |
||
| 504 | _aيشتمل على إرجاعات ببليوجرافية. | ||
| 650 | 0 |
_aالموظفون _xوضع قانوني، قوانين، إلخ. _zمصر. _2BUEsh |
|
| 650 | 0 |
_aالموظفون _xوضع قانوني، قوانين، إلخ. _zليبيا. _2BUEsh |
|
| 650 | 0 |
_aالموظفون _xوضع قانوني، قوانين، إلخ. _zفرنسا. _2BUEsh |
|
| 651 | _2BUEsh | ||
| 653 |
_bLLAAWW _cNovember2016 |
||
| 942 | _2ddc | ||
| 999 |
_c22996 _d22968 |
||